| 000 | 00831nam a22002657a 4500 | ||
|---|---|---|---|
| 999 |
_c33802 _d33802 |
||
| 001 | 3096 | ||
| 003 | CO-MdFUSB | ||
| 005 | 20180622073131.0 | ||
| 008 | 180503s1998 sp ||||| |||| 00| 0 spa d | ||
| 020 | _a84-7151-585-7 | ||
| 040 |
_aCO-MdFUSB _bspa _cCO-MdFUSB _dCO-MdFUSBC _erda |
||
| 041 | 0 | _aspa | |
| 082 | 0 | 4 | _aG 229.8 K9664n |
| 100 | 1 |
_aKuntzmann, Raymond (1939-) _eautor |
|
| 245 | 1 | 0 |
_aNag Hammadi, Evangelio según Tomás _b : Textos gnósticos de los orígenes del cristianismo _c / Raymond Kuntzmann, Jean-Daniel Dubois |
| 250 | _a2 | ||
| 264 | 1 |
_aEstella, Navarra : _b Verbo Divino, _c[1998] |
|
| 300 | _a178 Pag. | ||
| 336 |
_2rdacontent _atexto _btxt |
||
| 337 |
_2rdamedia _asin mediación _bn |
||
| 338 |
_2rdacarrier _avolumen _bnc |
||
| 650 | 7 |
_aGnosticismo _9220 |
|
| 653 | _aCódices nag Hammadi | ||
| 942 | _cBK | ||